[El espaňol para fines académicos. La escritura de textos académicos]

Enregistré dans:
Détails bibliographiques
Auteur principal: Spišiaková, Mária, 1973-
Format: Chapitre de livre
Langue:espagnol
Sujets:
Tags: Ajouter un tag
Pas de tags, Soyez le premier à ajouter un tag!

MARC

LEADER 00000naa a2200000 4500
001 0229417
005 20221019162609.4
041 0 |a spa 
044 |a SK 
245 1 0 |a [El espaňol para fines académicos. La escritura de textos académicos]  |c Mária Spišiaková 
610 2 0 |a recenzie 
610 2 0 |a španielčina 
610 2 0 |a jazyky cudzie 
100 1 |a Spišiaková, Mária, 1973-